| 000 | 01388nam a22003857a 4500 | ||
|---|---|---|---|
| 003 | CHAP | ||
| 005 | 20220329133208.0 | ||
| 008 | 971013s1991 r 00010 d | ||
| 010 | _a3232 | ||
| 011 | _a4204 | ||
| 035 | _a3406 | ||
| 040 | _cCHAP | ||
| 090 | _aFolleto 13184 | ||
| 100 | 0 | 0 |
_aBautista Zane, Refugio. _910966 |
| 245 |
_aEducación y Revolución en Michoacán _b: la gubernatura del general Lázaro Cárdenas 1928-1932 |
||
| 260 |
_aChapingo, Méx. : _bUACH. Dirección de Difusión Cultural, _c1991 |
||
| 300 | _a29 p | ||
| 490 |
_aSerie contextos _v; 3 |
||
| 500 | _aD49-43 | ||
| 590 |
_aBATCH-UPD _b10 _c20130110 _lUCH01 _h0119 |
||
| 590 |
_aBATCH-UPD _b10 _c20130110 _lUCH01 _h1001 |
||
| 590 |
_aBATCH-UPD _b10 _c20130409 _lUCH01 _h2112 |
||
| 590 |
_aBATCH-UPD _b10 _c20130410 _lUCH01 _h0612 |
||
| 590 |
_aBATCH-UPD _b10 _c20130914 _lUCH01 _h0548 |
||
| 590 |
_aCONVERSION _b10 _c20130109 _lUCH01 _h1303 |
||
| 650 | 1 | 4 |
_aCárdenas del Río, Lázaro, _y1895-1970. _924055 |
| 650 | 1 | 4 |
_aEducación _xHistoria _xMichoacán. _935451 |
| 830 | 0 |
_aSerie contextos _v; 3 _9104664 |
|
| 901 | _aBK | ||
| 942 | _cFOLL | ||
| 949 |
_aFolleto 13184 _bBC _cFOLL _d-12922 _eTS1 _i3406 _mD _si |
||
| 949 |
_aFolleto 13184 _bBC _cFOLL _d-77258 _eTS2 _fc.2 _i3406 _mD _si |
||
| 949 |
_aFolleto 13184 _bBC _cFOLL _d-77259 _eTS2 _fc.3 _i3406 _mD _si |
||
| 949 |
_aFolleto 13184 _bBC _cFOLL _d-77260 _eTS2 _fc.4 _i3406 _mD _si |
||
| 999 |
_c3232 _d3232 |
||